| 000 -LEADER |
| fixed length control field |
00376nam a22001457a 4500 |
| 003 - CONTROL NUMBER IDENTIFIER |
| control field |
OSt |
| 005 - DATE AND TIME OF LATEST TRANSACTION |
| control field |
20200805130408.0 |
| 008 - FIXED-LENGTH DATA ELEMENTS--GENERAL INFORMATION |
| fixed length control field |
200805b ||||| |||| 00| 0 eng d |
| 020 ## - INTERNATIONAL STANDARD BOOK NUMBER |
| International Standard Book Number |
9780500292921 |
| 082 ## - DEWEY DECIMAL CLASSIFICATION NUMBER |
| Classification number |
712.092 |
| Item number |
ROB |
| 100 ## - MAIN ENTRY--PERSONAL NAME |
| Personal name |
Robson, David G.; Sansoni, Dominic, |
| 245 ## - TITLE STATEMENT |
| Title |
Bawa : the Sri Lanka gardens |
| 260 ## - PUBLICATION, DISTRIBUTION, ETC. (IMPRINT) |
| Place of publication, distribution, etc |
London |
| Name of publisher, distributor, etc |
Thames and Hudson |
| Date of publication, distribution, etc |
2017 |
| 942 ## - ADDED ENTRY ELEMENTS (KOHA) |
| Source of classification or shelving scheme |
|